| 000 | 00686cam a22001931 4500 | ||
|---|---|---|---|
| 001 | ne 64000216 | ||
| 003 | DLC | ||
| 005 | 20260227111755.0 | ||
| 008 | 820702m19639999ua 000 0 ararc | ||
| 010 | _ane 64000216 | ||
| 035 | _a(OCoLC)8570903 | ||
| 040 |
_aPrinceton Univ. Libr. _cTU _dTU _dDLC |
||
| 050 | 0 | 0 |
_aBP53 _b.S8 |
| 100 | 1 |
_aSurūr, Muḥammad Jamāl al-Dīn, _eed. |
|
| 245 | 1 | 0 |
_aNuṣūṣ mukhtārah min marājiʻ al-tārīkh al-Islāmī, _cIkhtiyār Muḥammad Jamāl al-Dīn Surūr [wa] Ḥasan Aḥmad Maḥmūd [wa] Aḥmad Sayyid Darrāj. |
| 260 |
_a[al-Qāhirah] _bMaktabat al-Anjlū al-Miṣrīyah, _c[1963-] |
||
| 300 |
_av. _c24 cm. |
||
| 650 | 0 |
_aIslam _xHistory. |
|
| 999 |
_c46632 _d46632 |
||